Comentarios al Reglamento General de Recaudación / César Aller
Publicado:
Madrid :
Ministerio de Hacienda, Secretaría General Técnica, Servicio de Publicaciones ,
1972
Descripción Física:
655 p. ; 24 cm
MARC
| LEADER | 00000nam a2200000Ia 4500 | ||
|---|---|---|---|
| 001 | 14345 | ||
| 008 | 160829s1972 xx 000 0 cat d | ||
| 080 | |a M-4-206 | ||
| 100 | |a Aller, César |9 23622 | ||
| 245 | |a Comentarios al Reglamento General de Recaudación / César Aller | ||
| 250 | |a 2a ed. | ||
| 260 | |a Madrid : |b Ministerio de Hacienda, Secretaría General Técnica, Servicio de Publicaciones, |c 1972 | ||
| 300 | |a 655 p. ; |c 24 cm | ||
| 650 | |a Impostos |x Recaptació |x Dret i legislació |x Espanya |9 23284 | ||
| 901 | |a Arxiu | ||
| 942 | |n 1 | ||
| 952 | |0 0 |1 0 |4 0 |6 M4206 |7 1 |9 42782 |a Arxiu |b Arxiu |d 2016-12-01 |l 0 |o M-4-206 |p 14345 |r 2016-12-01 00:00:00 |w 2016-12-01 |y ARXIU | ||
| 999 | |c 45288 |d 45288 | ||